Niektoré problémy aplikácie IAS na prezentáciu účtovnej závierky podnikateľských subjektov v Slovenskej republike dizertačná práca
Gespeichert in:
| 1. Verfasser: | |
|---|---|
| Körperschaft: | |
| Weitere Verfasser: | |
| Format: | Buch |
| Sprache: | Slowakisch |
| Veröffentlicht: |
Bratislava
2002
|
| Schlagworte: | |
| Tags: |
Keine Tags, Fügen Sie das erste Tag hinzu!
|
MARC
| LEADER | 00000nam$a2200000$$$4500 | ||
|---|---|---|---|
| 001 | 0036675 | ||
| 005 | 20240104092537.8 | ||
| 041 | 0 | |a slo | |
| 044 | |a SK | ||
| 245 | 1 | 0 | |a Niektoré problémy aplikácie IAS na prezentáciu účtovnej závierky podnikateľských subjektov v Slovenskej republike |b dizertačná práca |c Renáta Juríková ; školiteľ: Anna Šlosárová |
| 264 | 1 | |a Bratislava |c 2002 | |
| 300 | |a 199 s. | ||
| 610 | 2 | 0 | |a závierka účtovná |
| 610 | 2 | 0 | |a úpravy právne |
| 610 | 2 | 0 | |a Slovensko |
| 610 | 2 | 0 | |a majetok hmotný |
| 610 | 2 | 0 | |a majetok nehmotný |
| 610 | 2 | 0 | |a zásoby |
| 610 | 2 | 0 | |a majetok finančný |
| 610 | 2 | 0 | |a prostriedky peňažné |
| 610 | 2 | 0 | |a imanie vlastné |
| 610 | 2 | 0 | |a záväzky |
| 610 | 2 | 0 | |a cash flow |
| 100 | 1 | |a Juríková, Renáta | |
| 700 | 1 | |a Šlosárová, Anna | |
| 710 | 2 | |a Fakulta hospodárskej informatiky EU. Katedra účtovníctva | |